Score 0/10 Timer 01:00
0 Plays Today
% Correct
Toe
85.7%
Eye
85.4%
Arm
82.8%
Leg
81.7%
Gum
79.8%
Ear
79%
Rib
71.9%
Lip
71.8%
Hip
71.4%
Jaw
66.4%

Today's Daily Dose

Remove Ads.
Support Sporcle.
Get the best of Sporcle when you Go Orange. This ad-free experience offers more features, more stats, and more fun while also helping to support Sporcle. Thank you for becoming a member.

You're not logged in!

Compare scores with friends on all Sporcle quizzes.
OR
Log In

Show Comments

Extras

Top Quizzes Today


Score Distribution

Your Account Isn't Verified!

In order to create a playlist on Sporcle, you need to verify the email address you used during registration. Go to your Sporcle Settings to finish the process.

Report this User

Report this user for behavior that violates our Community Guidelines.

Details: